LIBRARY & INFORMATION CENTRE, KCAET, TAVANUR

ONLINE PUBLIC ACCESS CATALOGUE (OPAC)

Tom brown`s schooldays / (Record no. 4375)

MARC details
000 -LEADER
fixed length control field 00493cam a2200205ua 4500
041 ## - LANGUAGE CODE
Language code of text/sound track or separate title eng
082 ## - DEWEY DECIMAL CLASSIFICATION NUMBER
Classification number 823.308
Item number HUG/TO
100 ## - MAIN ENTRY--AUTHOR NAME
Personal name Hugher, Themas .
245 ## - TITLE STATEMENT
Title Tom brown`s schooldays /
260 ## - PUBLICATION, DISTRIBUTION, ETC. (IMPRINT)
Place of publication London :
Name of publisher J M Dent and sons ltd ,
Year of publication 1962.
300 ## - PHYSICAL DESCRIPTION
Number of Pages 340 ; .
942 ## - ADDED ENTRY ELEMENTS (KOHA)
Koha item type Books
Holdings
Withdrawn status Lost status Damaged status Home library Current library Date acquired Full call number Accession Number Koha item type
Withdrawn     KAUAET Malayalam University 07/04/2012 823.308 5158 Books
Withdrawn     KAUAET Sanskrit University 07/04/2012 823.308 4130 Books
Withdrawn     KAUAET Sanskrit University 07/04/2012 823.308 10184 Books
Withdrawn     KAUAET Sanskrit University 07/04/2012 823.308 11035 Books
free website counter